00376nam a2200145Ia 4500008004100000020001500041041001200056082001600068100001500084245007000099250000800169260002900177300000800206650001600214221030s9999 xx 000 0 und d a817656964X aEnglish a105.23bBay aI. Bayross 0aSQL, PL / SQL : The Programming Language of Oraclecby I. Bayross a3rd bBPB PubaNew Delhic2005 a443 aBE Computer